00145nam a2200061Ia 4500008004100000245003100041260001100072170620s9999 xx 000 0 und d 0aTEACHING OF SOCIAL STUDIES bAPH PU